| Tag |
First Indicator |
Second Indicator |
Subfields |
| LEADER |
00000cas a2200000 4500 |
| 001 |
in00000023042 |
| 005 |
20151007064241.0 |
| 008 |
761022c19449999ilu x1p 0udua0eng |
| 010 |
|
|
|a 48002965
|
| 012 |
|
|
|a 3
|
| 022 |
1 |
|
|a 0028-8861
|
| 035 |
|
|
|a (OCoLC)02521448
|
| 035 |
|
|
|9 AAD9413AM
|
| 040 |
|
|
|a DLC
|c KSU
|d NYG
|d DLC
|d NSD
|d TXA
|d UtOrBLW
|
| 042 |
|
|
|a lc
|a nsdp
|
| 043 |
|
|
|a n-us-il
|
| 049 |
|
|
|a TXAE
|
| 050 |
0 |
0 |
|a Z881
|b .C5245
|
| 082 |
0 |
|
|a 027.47731
|
| 110 |
2 |
|
|a Newberry Library.
|
| 222 |
|
4 |
|a The Newberry Library bulletin
|
| 245 |
1 |
4 |
|a The Newberry Library bulletin.
|
| 264 |
|
1 |
|a [Chicago] :
|b [Newberry Library]
|
| 300 |
|
|
|a volumes :
|b portraits ;
|c 23 cm.
|
| 336 |
|
|
|a text
|b txt
|2 rdacontent
|
| 337 |
|
|
|a unmediated
|b n
|2 rdamedia
|
| 338 |
|
|
|a volume
|b nc
|2 rdacarrier
|
| 362 |
0 |
|
|a v. 1- Nov. 1944-
|
| 580 |
|
|
|a Part of The Roger Asselineau Whitman Collection.
|
| 500 |
|
|
|a "Takes the place of the former printed annual Report."
|
| 610 |
2 |
0 |
|a Newberry Library
|x Periodicals.
|
| 710 |
2 |
|
|a Newberry Library.
|t Bulletin.
|
| 773 |
0 |
|
|t Roger Asselineau Whitman Collection.
|
| 780 |
1 |
2 |
|a Newberry Library.
|t Report
|
| 999 |
|
|
|a MARS
|
| 999 |
f |
f |
|s ba248364-9adb-3efa-bcba-c9e98db8fc61
|i 864ec559-eb25-3766-8022-f155c0401631
|t 0
|
| 952 |
f |
f |
|p noncirc
|a Texas A&M University
|b College Station
|c Cushing Memorial Library & Archives
|d Cushing: Literature/Whitman (Does not check out)
|t 0
|e Z881 .C5245
|h Library of Congress classification
|i unmediated -- volume
|k v.5:no.9
|l 1961:Dec.
|
| 998 |
f |
f |
|a Z881 .C5245
|s v.5:no.9 (1961:Dec.)
|t 0
|l Cushing: Literature/Whitman (Does not check out)
|